Statistics for Le Tour de France 2012 - Teams

Click here to take the quiz!

General Stats

  • This quiz has been taken 713 times
  • The average score is 14 of 22

Answer Stats

HintAnswer% Correct
GBRTeam Sky
93%
KAZAstana
88%
BELLotto-Belisol
75%
BELOmega Pharma-Quick Step
73%
FRAAG2R-La Mondiale
69%
SPAMovistar Team
69%
NEDRabobank
69%
USABMC Racing Team
68%
DENTeam Saxo Bank-Tinkoff Bank
68%
FRAFDJ-Bigmat
67%
FRATeam Europcar
67%
RUSTeam Katusha
64%
ITALampre-ISD
62%
USAGarmin-Sharp
59%
SPAEuskaltel-Euskadi
58%
FRACofidis
57%
LUXRadioshack-Nissan
57%
ITALiquigas-Cannondale
55%
AUSOrica-GreenEDGE
50%
NEDArgos-Shimano
35%
NEDVacansoleil-DCM
34%
FRASaur-Sojasun
22%

Score Distribution

Percentile by Number Answered

Percent of People with Each Score

Your Score History

You have not taken this quiz